000 00226nam a2200097Ia 4500
005 20251222175817.0
008 251222s9999||||xx |||||||||||||| ||spa||
082 _aDVD0040/Z98/2006
245 0 _aDiamante de sangre:
942 _cDVD
999 _c40369
_d40369